01699nam a2200349 a 4500001001000000003000900010005001700019007000300036008004100039020001500080040002500095082003100120100003700151245009500188250001100283260005100294300002700345490004000372504002700412505031000439590002700749600004100776651004700817700003100864830004400895910000700939942001400946952012600960952012001086952012601206999001701332000045270DO-SdBNP20240302073957.0ta150220s2009 dr a 000 0 spa d a999347696x aDO-SdBNPbspacBNPHU 4222a923.57293bG633C, 20091 aCassá, Roberto, d1948-91088810aMáximo Gómez :blibertador de Cuba /cRoberto Cassá ; Ilustraciones, Ramiro Manzano. a3a ed. aSanto Domingo :bTobogan,c2009.fAlfa y Omega a65 p. :bil. ;c21 cm. aBografías dominicanas Tobogán ; aBibliografía : p. 650 tEl talento del prócer --t30 años de vida dominicana --tEl impacto de la emigración --tLos contrastes de la realidad cubana --tLa primera carga al machete --tLa paz de El Zanjón y la emigración --tLa guerra de la Independencia --tFrente a la invasión norteamericana --aRetorno al país aInventariado, 2019/ YL10aGómez, Máximo,d1836-1905912249 4aRepública DominicanavBIOGRAFÍAS910831 aManzano, Ramiro,eil.9768 0aBiografías dominicanas Tobogán9769 aYL 2ddccLBS1 00102ddc56708DSaBNPHUbBNPHUcCTd2019-01-23l0o923.57293 G633C, 2009p45270-30r2020-06-25te. 3w2020-06-25yLBS1 00102ddc51708PDaBNPHUbBNPHUcCTd2015-02-20l0o923.57293 G633C, 2009p45270-10r2020-06-25w2020-06-25yLBS1 00102ddc51708PDaBNPHUbBNPHUcCTd2015-02-20l0o923.57293 G633C, 2009p45270-20r2020-06-25te. 2w2020-06-25yLBS1 c44759d44759